Bienvenue à la Médiathèque de Saint-Andiol
banniere
Accueil Recherche avancée Mon compte
handi1 Rechercher dans le catalogue

Filtre   Mots-clés
  Recherche avancée
 
Lister les dernières nouveautés
 
Lister les livres GROS CARACTERES
 
Lister les périodiques (magazines)

handi1 Aqua

Book Cover
Auteur principal : Gaspard Koenig
Titre : Aqua
Support : Livres
Langue : Francais
Publié : DL 2026 Editions de l'Observatoire Paris
Genre : Roman
Sujets :
Étiquettes :
Pas de tags
LEADER 01619nam0a2200229 450
001 16868218
010 |a 979-10-329-3202-5  |b broché  |d 23 € 
100 |a 20260502d2026 u u0frey01 ba 
101 0 |a fre 
102 |a FR 
200 0 |a Aqua  |f Gaspard Kúnig 
207 1 |a   
210 |a Paris  |c Editions de l'Observatoire  |d DL 2026 
215 |a 1 volume (445 pages)  |c couverture illustrée  |d 20 cm 
330 |a Quand Martin Jobard, un enfant du pays devenu haut fonctionnaire à Paris, décide de briguer la mairie du village pour moderniser le réseau d¹eau potable, il trouve sur son chemin Maria, la généreuse et idéaliste tenancière de l¹épicerie, qui défend la source des anciens. La lutte qui s¹engage va éveiller, chez les habitants, le pire comme le meilleur. Maria pourra-t-elle changer le cours des choses ? Sur fond de crise de l¹eau, Aqua met en scène une communauté rurale prise dans des contradictions contemporaines. On y croise un ministre trop pressé, une naturopathe bouddhiste, un éleveur mélancolique, une préfète amoureuse, un survivaliste flegmatique, une hydrogéologue anticapitaliste... Entre mythologies normandes et bureaucratie locale, Gaspard Kúnig déploie tout son art de la satire sociale. Inscrivant Aqua dans le même terroir que Humus, il poursuit son exploration romanesque des quatre éléments. 
606 0 |a Transition écologique 
606 0 |a Eau 
676 |a 843 
700 0 |a Koenig  |b Gaspard  |c Auteur du texte  |f 1982-....  |4 70 
900 |a Roman 
901 |a Adultes 
995 |a Médiathèque  |c Médiathèque  |f 089021849  |h 089021849  |k R KOE  |o p  |q a  |r az  |e Médiathèque